101 paper-craft gift ideas / (Record no. 18820)

000 -LEADER
fixed length control field 00485cam a22001697a 4500
020 ## - INTERNATIONAL STANDARD BOOK NUMBER
ISBN 1592170625 (hardcover)
020 ## - INTERNATIONAL STANDARD BOOK NUMBER
ISBN 1592170870 (softcover)
040 ## - CATALOGING SOURCE
Transcribing agency BPL
082 00 - DEWEY DECIMAL CLASSIFICATION NUMBER
Classification number 745 HOU 2005 C153 Or.
245 00 - TITLE STATEMENT
Title 101 paper-craft gift ideas /
246 3# - VARYING FORM OF TITLE
Title proper/short title One hundred and one paper-craft gift ideas
260 ## - PUBLICATION, DISTRIBUTION, ETC. (IMPRINT)
Place of publication Berne, IN :
Name of publisher House of White Birches,
Year of publication c2005.
300 ## - PHYSICAL DESCRIPTION
Number of Pages 176 p. :
Other physical details col. ill. ;
Dimensions 28 cm.
650 #0 - SUBJECT ADDED ENTRY--TOPICAL TERM
Topical Term Paper work.
700 1# - ADDED ENTRY--PERSONAL NAME
Personal name Blizzard, Vicki.
942 ## - ADDED ENTRY ELEMENTS (KOHA)
Koha item type ADB
952 ## - LOCATION AND ITEM INFORMATION (KOHA)
Withdrawn status [LOCAL, KOHA] 0
Holdings
Koha item type Source of acquisition Lost status Permanent Location Current Location Date acquired Full call number
សៀវភៅភាសាអង់គ្លេសA39450 Library Block CLibrary Block C2020-01-28745 HOU 2005 C153 Or.
មជ្ឈមណ្ឌលឯការនៃសាកលវិទ្យាល័យភូមិន្ទកសិកម្មចំការដូង

Powered by Koha